00548nam a2200157Ia 4500008004100000100002400041245010200065260004000167300001000207650001700217650001800234650001300252942000700265999001700272952010100289220216s9999 xx 000 0 und d aPanphim Somprathana 0aOpportunity in world market for the Thai rubber glove manufacturers who use innovative production bRubber International Magazinec2003 a66-70 aRubber glove aRubber market aThailand cJS c64408d64408 00104078aMAINbMAINc2d2021-12-17hVolume 5, Issue 7l0r2021-12-17 00:00:00w2022-02-16yJS